Rousseau y la conciencia moderna

-д хадгалсан:
Номзүйн дэлгэрэнгүй
Үндсэн зохиолч: Mondolfo, Rodolfo (autor)
Формат: Ном
Хэл сонгох:испани
Хэвлэсэн: Buenos Aires EUDEBA 1967
Хэвлэл:2a. ed
Цуврал:Colección Ensayos
Нөхцлүүд:
Шошгууд: Шошго нэмэх
Шошго байхгүй, Энэхүү баримтыг шошголох эхний хүн болох!

MARC

LEADER 00000cam a2200000 a 4500
001 UCV0890
003 CL-VaPUC
008 890621e19670000AG |||||||||||||||||spa|d
082 0 4 |a 194  |b MON  |2 21 
100 |a Mondolfo, Rodolfo  |e autor  |9 339183 
245 1 0 |a Rousseau y la conciencia moderna 
250 |a 2a. ed 
300 |a 137 p 
942 |c BK 
945 |d 19890621 00:00:00 
260 |a Buenos Aires  |b EUDEBA  |c 1967 
600 0 7 |a ROUSEAU, JEAN JACQUES  |2 CL-VaPUC  |9 255733 
650 0 |a Crítica e interpretación   |9 255042 
583 |a last modification  |c 20150826 11:00:04  |k Rodrigo Vera 
490 0 |a Colección Ensayos 
999 |c 209081  |d 209079 
952 |0 0  |1 0  |4 0  |6 194_000000000000000_MON_1967  |7 0  |8 DER_TF  |9 184221  |a BIBDER  |b BIBDER  |d 2019-11-14  |i 2513684  |o 194 MON 1967  |p 2513684  |r 2023-01-25  |w 2019-11-14  |x Ubicación 4to Piso  |y BK  |z Estos recursos deben solicitarse con anticipación  |k DER 
952 |0 0  |1 0  |4 0  |6 194_000000000000000_MON_1967  |7 0  |8 P  |9 184222  |a BIBEDU  |b BIBEDU  |c BIBEDU_PB  |d 2019-11-14  |i 1580159  |o 194 MON 1967  |p 1580159  |r 2024-01-25  |w 2019-11-14  |y BK  |k FIL 
952 |0 0  |1 0  |3 erb  |4 0  |6 194_000000000000000_MON_1967  |7 0  |8 A  |9 184223  |a BIBHIS  |b BIBHIS  |e Valenzuela Fuenzalida, Alvaro Miguel, 1932-  |i 5203422  |o 194 MON 1967  |p 5203422  |r 2025-01-20  |w 2019-11-14  |y BK  |z Catalogado en:20150827  |k HIS